| 000 | 00530nam a2200193Ia 4500 | ||
|---|---|---|---|
| 005 | 20260429111939.0 | ||
| 008 | 260429s9999||||xx |||||||||||||| ||und|| | ||
| 020 | _a9789392746369 | ||
| 041 | _aEnglish | ||
| 082 |
_a371.33 _bKUM |
||
| 100 | _aKumar, Devendra | ||
| 245 | 0 |
_aAdvanced educational technology / _cDevendra Kumar |
|
| 260 |
_aNew Delhi : _bPratham Publications, _c2025. |
||
| 300 | _avi, 263 p.; hb | ||
| 650 | _a Educational methods | ||
| 650 | _a Educational technology | ||
| 650 | _aEducation | ||
| 942 | _cTB | ||
| 999 |
_c51561 _d51561 |
||